Devinez le Département Mystère #46 - Statistiques

Statistiques générales
  • Ce quiz a été pris 187 fois
  • Le résultat moyen est 28 sur 42
Statistiques - réponses
Type de Réponse Réponse % Correct
Lettre Trouvée E
99%
Lettre Trouvée N
99%
Lettre de l'Alphabet R
99%
Lettre Trouvée I
98%
Lettre Trouvée S
98%
Lettre Trouvée A
97%
Lettre de l'Alphabet O
97%
Lettre Trouvée T
93%
Lettre de l'Alphabet L
91%
Lettre de l'Alphabet U
91%
Lettre Trouvée D
89%
Lettre de l'Alphabet H
89%
Lettre de l'Alphabet C
86%
Lettre de l'Alphabet V
84%
Lettre de l'Alphabet M
83%
Lettre de l'Alphabet P
80%
Lettre de l'Alphabet B
74%
Lettre de l'Alphabet G
71%
Lettre de l'Alphabet Y
67%
Lettre de l'Alphabet F
64%
Lettre de l'Alphabet J
56%
Lettre de l'Alphabet Q
54%
Lettre de l'Alphabet X
50%
Lettre de l'Alphabet Z
50%
Lettre Bien Placée A
45%
Lettre Bien Placée D
45%
Lettre Bien Placée E
45%
Lettre Bien Placée E
45%
Lettre Bien Placée E
45%
Lettre Bien Placée I
45%
Lettre Bien Placée I
45%
Lettre Bien Placée I
45%
Lettre de l'Alphabet K
45%
Lettre Bien Placée N
45%
Lettre Bien Placée N
45%
Lettre Bien Placée N
45%
Lettre Bien Placée S
45%
Lettre Bien Placée S
45%
Lettre Bien Placée S
45%
Département Mystère Seine-Saint-Denis
45%
Lettre Bien Placée T
45%
Lettre de l'Alphabet W
45%
Aucun quiz correspondant
Distribution des résultats
% des personnes avec chaque résultat
Percentile par nombre de réponses
Votre historique - résultats
Vous n’avez pas pris ce quiz